| 000 | 00593nam a2200169 a 4500 | ||
|---|---|---|---|
| 001 | 000038257 | ||
| 005 | 20240704114906.0 | ||
| 008 | 091125s2004 dr 000 0 spa d | ||
| 040 |
_aDO-SdBNP _bspa _cBNPHU |
||
| 082 |
_axxx _bR426e |
||
| 110 | 1 |
_aRepública Dominicana _9447 |
|
| 240 | 1 | 3 | _a[ Leyes, etc.] |
| 245 | 1 | 0 |
_aEstatuto del ministerio público ley 78 - 03 / _cPresentación Víctor Manuel Céspedes Martínez. |
| 260 |
_aSanto Domingo : _bEscuela Nacional del Ministerio Público, _c2004. |
||
| 300 |
_a101 p. ; _c23 cm. |
||
| 700 | 1 |
_aFernández Rodríguez, Aura Celeste, _d1959- _976547 |
|
| 999 |
_c37747 _d37747 |
||